Successful time management

Salvato in:
Dettagli Bibliografici
Autore principale: Forsyth, Patrick
Natura: Libro
Lingua:inglese
Pubblicazione: London Kogan Page 2016
Edizione:4th ed.
Serie:Creating success
Soggetti:
Tags: Aggiungi Tag
Nessun Tag, puoi essere il primo ad aggiungerne!!

MARC

LEADER 00000nam a2200000 4500
001 0222044
005 20231215114602.3
020 |a 978-0-7494-7581-9 
041 0 |a eng 
044 |a GB 
245 1 0 |a Successful time management  |c Patrick Forsyth 
250 |a 4th ed. 
264 1 |a London  |b Kogan Page  |c 2016 
300 |a xii, 160 s. 
490 1 |a Creating success 
830 0 |a Creating success 
610 2 0 |a manažment času 
610 2 0 |a manažéri 
610 2 0 |a organizácia času 
610 2 0 |a práca tímová 
100 1 |a Forsyth, Patrick